University Home | Library Home | Institutional Repository

Organic synthesis. (Record no. 10116)

MARC details
000 -LEADER
fixed length control field 00796cam4a220022900 4500
001 - CONTROL NUMBER
control field tmp15692697
003 - CONTROL NUMBER IDENTIFIER
control field UPRA
005 - DATE AND TIME OF LATEST TRANSACTION
control field 20190812113138.0
008 - FIXED-LENGTH DATA ELEMENTS--GENERAL INFORMATION
fixed length control field 951004m19329999nyu eng u
035 ## - SYSTEM CONTROL NUMBER
System control number (Sirsi) r15281
035 ## - SYSTEM CONTROL NUMBER
System control number (UPRA)tmp15692697
040 ## - CATALOGING SOURCE
Transcribing agency UPRA
245 00 - TITLE STATEMENT
Title Organic synthesis.
Name of part/section of a work Collective volume.
260 ## - PUBLICATION, DISTRIBUTION, ETC.
Place of publication, distribution, etc. New York :
Name of publisher, distributor, etc. J. Wiley,
Date of publication, distribution, etc. 1932-
500 ## - GENERAL NOTE
General note Each vol. is a revision of 10 of the annual volumes.
504 ## - BIBLIOGRAPHY, ETC. NOTE
Bibliography, etc. note Includes bibliographical references.
650 #0 - SUBJECT ADDED ENTRY--TOPICAL TERM
Topical term or geographic name entry element Organic compounds -- Synthesis.
General subdivision Organic compounds -- Synthesis.
Linkage S11003.1
949 ## - LOCAL PROCESSING INFORMATION (OCLC)
a QD262
v VOL. 3
w lcc
i -9798
m MAIN
t BOOK
l ON-SHELF
949 ## - LOCAL PROCESSING INFORMATION (OCLC)
a QD262
v VOL. 2
w lcc
i -9799
m MAIN
t BOOK
l ON-SHELF
949 ## - LOCAL PROCESSING INFORMATION (OCLC)
a QD262
v VOL. 1
w lcc
i 33729000795356
m MAIN
t BOOK
l ON-SHELF
Holdings
Withdrawn status Lost status Source of classification or shelving scheme Damaged status Not for loan Home library Current library Shelving location Total Checkouts Full call number Barcode Date last seen Copy number Price effective from Koha item type
    Library of Congress Classification     Main Library Main Library Serials   QD262 620969608881990 08/12/2019 1 08/12/2019 Periodical
© 2026 - The University of Zambia Library - Koha v25.11